Music Quiz

Random Music or Bands Quiz

Guitar Gods Quiz Stats

 Plays Quiz not verified by Sporcle

Challenge
Share
Tweet
Embed
Score 0/40 Timer 10:00
0 Plays Today
Bands God % Correct
Cream, Yardbirds, Derek & The DominosEric Clapton
90.2%
Led Zeppelin, Yardbirds, The FirmJimmy Page
89.2%
The BeatlesGeorge Harrison
81.4%
Grateful DeadJerry Garcia
71.6%
QueenBrian May
70.6%
Pink FloydDavid Gilmour
69.6%
The WhoPete Townshend
66.7%
YardbirdsJeff Beck
61.8%
Red Hot Chili PeppersJohn Frusciante
57.8%
Dire StraitsMark Knopfler
56.9%
The ------- Brothers BandDuane Allman
54.9%
Mothers Of InventionFrank Zappa
52.9%
The EaglesJoe Walsh
47.1%
Double TroubleStevie Ray Vaughan
43.1%
The KinksDave Davies
42.2%
Fleewood MacLindsey Buckingham
37.3%
PhishTrey Anastasio
36.3%
The ExperienceJimi Hendrix
36.3%
King Of the BluesB.B. King
30.4%
Stray CatsBrian Setzer
28.4%
Bands God % Correct
AbraxasCarlos Santana
28.4%
YesSteve Howe
28.4%
Deep Purple, RainbowRitchie Blackmore
25.5%
Steely DanWalter Becker
24.5%
The Spiders From Mars [David Bowie]Mick Ronson
21.6%
The RevolutionPrince
21.6%
Mahavishnu OrchestraJohn McLaughlin
19.6%
Ten Years AfterAlvin Lee
19.6%
Trio named after himselfJohn Mayer
18.6%
The DoorsRobby Kreiger
17.6%
The BluesbreakersJohn Mayall
17.6%
Jethro TullMartin Barre
16.7%
ChicagoTerry Kath
16.7%
ELOJeff Lynne
15.7%
TrafficDave Mason
13.7%
Procol HarumRobin Trower
12.7%
Jazz Is DeadJimmy Herring
10.8%
The ------- Brothers BandDickie Betts
9.8%
Solo Jazz ArtistPeter White
7.8%
Jefferson Airplane, Hot TunaJorma Kaukenon
3.9%

You're not logged in!

Compare scores with friends on all Sporcle quizzes.
OR
Log In

You Might Also Like...

Show Comments

Extras

Created Dec 5, 2009ReportNominate
Tags:Bands Quiz, god, guitar

Top Quizzes Today


Score Distribution

Your Account Isn't Verified!

In order to create a playlist on Sporcle, you need to verify the email address you used during registration. Go to your Sporcle Settings to finish the process.

Report this User

Report this user for behavior that violates our Community Guidelines.

Details: